[Event "18th Charleroi Open-A 2019"]
[Site "Charleroi"]
[Date "2019.07.27"]
[Round "1.27"]
[White "Roels, Frederik"]
[Black "Roger, Mehdi"]
[Result "1/2-1/2"]
[WhiteElo "1944"]
[BlackElo "2125"]
[Annotator "TA"]
[PlyCount "80"]
[EventDate "2019.07.22"]
[EventType "swiss"]
[EventCountry "BEL"]
[SourceTitle "playchess.com"]
[Source "ChessBase"]
[SourceQuality "1"]

{[%evp 10,80,6,-9,21,0,7,10,34,22,94,14,72,76,96,51,236,231,241,185,186,191,177,172,367,372,326,244,243,236,244,240,226,225,225,183,175,95,108,100,140,148,172,141,137,0,0,0,18,0,68,59,152,-53,-52,-64,-54,-71,-81,-64,-79,-73,-81,-80,-78,-252,-181,-422,0,-328,0,0,0]} 1. e4 Nf6 2. Nc3 d5 3. e5 d4 4. exf6 dxc3 5. bxc3 exf6 6. d4 Be7 {B02: Alekhine's Defence: Chase Variation and lines with early Nc3} (6... Bd6 7. Bd3 O-O 8. Ne2 c5 9. O-O Nc6 10. a4 Bg4 11. h3 Bh5 12. Be3 Re8 13. dxc5 Bf8 14. Bb5 Qc8 15. Qd2 {½-½ (24) Kamsky,G (2692)-Nakamura,H (2640) playchess.com INT 2006}) 7. Nf3 O-O 8. Bd3 b6 $146 ({Predecessor:} 8... Nc6 9. O-O Bg4 10. Be4 Qd7 11. Re1 Rfe8 12. h3 Bf5 13. Bxf5 Qxf5 14. Nh4 {0-1 (44) Leao,A (1844)-Dos Santos Pinto,C (1773) Foz do Iguacu 2013}) 9. O-O Bb7 (9... Ba6 $11 {remains equal.}) 10. Re1 (10. Nh4 $1 $16) 10... Nc6 (10... Re8 $11 {keeps the balance.}) 11. Nh4 $1 $16 g6 12. Bh6 f5 $2 {[#]} (12... Re8 $14) 13. Nxf5 $1 $18 ({Don't play} 13. Bxf8 $6 Qxf8 14. Nf3 Bf6 $16) 13... Bg5 {and the idea ...Bxh6 leaves Black hopeful.} 14. d5 $36 {[%mdl 2048] White has strong initiative.} Na5 {Black wants to play ...Bxh6.} 15. Qg4 Bxh6 16. Nxh6+ Kg7 $2 (16... Kh8) 17. Nf5+ $1 Kh8 18. Qd4+ f6 19. Ne7 {Threatens to win with Bxg6!} Rf7 20. Qe4 Qd6 21. Re3 f5 22. Qd4+ Qf6 23. Qxf6+ ({Better is} 23. h4 $18) 23... Rxf6 $16 24. Rae1 a6 25. c4 Kg7 26. h3 Rd8 27. g4 (27. Re5 $16) 27... fxg4 $11 28. hxg4 Rd7 29. g5 Rf7 (29... Rf4 $11) 30. Re6 $14 Rf4 (30... Kf8 $14 31. Nxg6+ hxg6) 31. R1e5 $2 ({White should try} 31. Kh2 $16) 31... Nxc4 $15 32. Bxc4 Rxc4 33. Nc6 Bxc6 $1 ({Much weaker is} 33... Rxc2 $6 34. Re7+ Rxe7 35. Rxe7+ Kf8 36. Rxc7 $11) 34. dxc6 $17 {[%mdl 4096] Endgame KRR-KRR} Rf7 35. Rd5 Rxc2 36. Rd7 Rcxf2 {[#] ...R2f5 is the strong threat.} ({But not} 36... Rxa2 37. Re8 $11) 37. Ree7 $2 (37. Rxc7 $1 $17 {[%mdl 512] only move.} Rf1+ (37... Rxc7 38. Kxf2) 38. Kg2 Rxc7 39. Kxf1) 37... Kf8 38. Re1 $2 (38. Re5 {was forced.}) 38... Rc2 $2 (38... R2f5 $19 39. Kh2 Rxg5) 39. Rd8+ $11 Kg7 {aiming for ...Rc5.} 40. Ree8 $1 {[%csl Gd8][%cal Re8g8]} Rc1+ {Accuracy: White = 47%, Black = 27%.} 1/2-1/2

[Event "18th Charleroi Open-A 2019"]
[Site "Charleroi"]
[Date "2019.07.27"]
[Round "1.28"]
[White "Anciaux, Marc"]
[Black "Barbier, Astrid"]
[Result "1/2-1/2"]
[WhiteElo "2120"]
[BlackElo "1941"]
[Annotator "TA"]
[PlyCount "97"]
[EventDate "2019.07.22"]
[EventType "swiss"]
[EventCountry "BEL"]
[SourceTitle "playchess.com"]
[Source "ChessBase"]
[SourceQuality "1"]

{[%evp 11,97,9,22,0,13,-10,4,0,-8,-18,-5,-17,0,-7,3,-23,-21,-22,-28,-16,-11,-22,0,-9,13,7,13,0,14,13,13,-5,-10,-38,-13,-58,-41,-50,-35,-70,-33,-40,-56,-81,-72,-84,-82,-110,-89,-85,-89,-124,-116,-227,-113,-287,-296,-282,-266,-229,-6,-6,-7,-8,0,-8,0,0,0,0,0,0,0,0,7,0,7,0,0,0,17,0,7,0,23,14,25,28]} 1. d4 Nf6 2. c4 e6 3. g3 d5 4. Nf3 Be7 5. Bg2 O-O 6. O-O Nbd7 7. Ne5 {E07: Closed Catalan: Main Line (5 Nf3 0-0 6 0-0 Nbd7)} c6 8. b3 Nxe5 9. dxe5 {The position is equal.} Nd7 10. cxd5 $146 ({Predecessor:} 10. Bb2 b6 11. Nd2 Ba6 12. Rc1 Rc8 13. Qc2 b5 14. cxd5 cxd5 15. Qb1 Qa5 16. Nf3 b4 17. Rfe1 Qb6 18. Bd4 Qb8 19. Qb2 Bb5 20. Qd2 a5 21. Bb2 Rxc1 22. Rxc1 Rc8 23. Nd4 Rxc1+ 24. Qxc1 Nc5 25. Nxb5 {½-½ (25) Vakhidov,J (2500)-Melkumyan,H (2633) London 2017}) 10... exd5 11. Bb2 f6 12. exf6 Bxf6 13. Qc2 Bxb2 14. Qxb2 Nf6 15. Nd2 Bf5 16. e3 Qe8 17. Qd4 Qh5 18. e4 Bh3 19. f3 dxe4 {...Bxg2 is the strong threat.} 20. Nxe4 Nxe4 21. Qxe4 (21. Bxh3 {is more complex.} Qc5 22. Be6+ Kh8 23. Qxc5 Nxc5 24. Rae1) 21... Qc5+ 22. Kh1 Bf5 23. Qc4+ Qxc4 24. bxc4 Rad8 25. Rfd1 Bc2 26. Rxd8 Rxd8 $15 {[%mdl 4096] Endgame KRB-KRB} 27. Re1 Kf8 28. Bh3 c5 29. Be6 Rd2 30. Re3 b6 31. Ra3 {[#]} a5 $1 32. Re3 {[#]} (32. Kg1 $17) 32... Rd3 (32... a4 $1 $19 33. Rc3 Bb1) 33. Rxd3 $2 (33. Re2 $17 {was the only chance.} Bd1 34. Rb2) 33... Bxd3 $17 {KB-KB} 34. Kg2 Ke7 35. Bg8 Kd6 $2 (35... Bb1 $19 {Hoping for ...Kf8.} 36. a3 Ba2) 36. Kf2 $1 $11 h6 37. Ke3 Bf5 38. Kf4 Bd7 (38... Bb1 {keeps more tension.} 39. a3 Ba2 40. Ke3 b5 41. Kd2 g5) 39. Ke3 Bc6 40. Bh7 Ke5 41. Bd3 Bd7 42. Be2 Be6 43. a3 Bd7 44. Bd3 Kd6 45. Be2 Be6 46. Bd3 Bf7 47. Be2 a4 48. Bd3 Be6 49. Ke4 {Accuracy: White = 29%, Black = 35%.} 1/2-1/2

[Event "18th Charleroi Open-A 2019"]
[Site "Charleroi"]
[Date "2019.07.27"]
[Round "1.30"]
[White "Roos, David"]
[Black "Moerman, Thomas"]
[Result "1-0"]
[WhiteElo "2114"]
[BlackElo "1931"]
[Annotator "TA"]
[PlyCount "61"]
[EventDate "2019.07.22"]
[EventType "swiss"]
[EventCountry "BEL"]
[SourceTitle "playchess.com"]
[Source "ChessBase"]
[SourceQuality "1"]

{[%evp 14,139,49,41,78,70,116,95,158,166,254,262,244,183,188,188,201,207,245,235,219,195,247,159,200,149,181,175,264,279,252,175,313,322,304,270,330,322,349,350,319,341,330,324,352,323,358,361,453,442,413,427,517,499,455,411,410,394,394,394,357,366,428,425,413,417,439,433,615,611,666,527,604,600,592,543,797,790,769,789,782,527,529,0,772,751,732,521,526,495,509,481,512,350,475,0,395,0,475,318,336,300,308,266,252,252,470,466,509,509,509,505,500,488,544,559,605,581,758,752,733,725,783,766,6238,6234,29981,29983]} 1. g3 c5 2. Bg2 Nf6 3. c4 e6 4. Nf3 Nc6 5. Nc3 {[%cal Bb1c3,Bc3a4,Ba4b6][%mdl 32]} b6 6. d4 cxd4 7. Nxd4 Bb7 8. O-O a6 {A30: Symmetrical English: Double Fianchetto and Hedgehog} 9. Bf4 Qc8 10. Na4 Bc5 ({Black should try} 10... Nxd4 11. Nxb6 {[%mdl 64] Double Attack} Qc5 12. Bxb7 (12. Nxa8 Bxg2 13. Nc7+ Kd8 $16) 12... Ra7) 11. Nb3 $16 e5 $146 (11... Ne7 $142) ({Predecessor:} 11... Ne7 12. Bxb7 Qxb7 13. Nbxc5 bxc5 14. Nxc5 Qxb2 {1-0 (23) Fridman,D (2569)-Buscher,M (2305) playchess.com INT 2005}) 12. Nbxc5 $18 bxc5 13. Be3 {And now Nb6 would win.} Nd4 14. Nb6 {[%mdl 64] [#] Double Attack} Qb8 {Strongly threatening ...Bxg2.} 15. Nxa8 Qxa8 16. Bxb7 Qxb7 17. f3 h5 (17... O-O $142 18. Rb1 Qc6) 18. h4 d6 19. b4 Nf5 20. Bf2 e4 (20... O-O {might work better.} 21. Rb1 (21. bxc5 dxc5 22. Bxc5 Re8 $18) 21... Qc7) 21. bxc5 {Black must now prevent Rb1.} e3 22. Qa4+ Kf8 (22... Qd7 $142 23. Qxd7+ (23. Qxa6 exf2+ 24. Kxf2 Qc7 $16) 23... Kxd7) 23. Be1 dxc5 24. Qb3 Qc7 25. Rb1 Ne8 26. Qb8 Rh6 27. Qxc7 Nxc7 28. Rb8+ Ne8 29. Kh2 Nd4 30. Bc3 Nxe2 {[#]} 31. Re1 {Played: Bc3xg7} 1-0

[Event "18th Charleroi Open-A 2019"]
[Site "Charleroi"]
[Date "2019.07.27"]
[Round "1.31"]
[White "Vernimmen, Pierre"]
[Black "Huynh, Laurent"]
[Result "1-0"]
[WhiteElo "1911"]
[BlackElo "2111"]
[Annotator "TA"]
[PlyCount "55"]
[EventDate "2019.07.22"]
[EventType "swiss"]
[EventCountry "BEL"]
[SourceTitle "playchess.com"]
[Source "ChessBase"]
[SourceQuality "1"]

{[%evp 16,55,10,11,33,0,75,60,89,30,32,46,181,177,200,203,262,81,198,157,268,262,425,417,455,428,707,699,703,699,1518,1163,1829,1012,1006,988,29984,29985,29984,29985,6283,6299]} 1. e4 c5 2. Nf3 e6 3. d4 cxd4 4. Nxd4 Nc6 5. Nc3 Qc7 6. Be2 Nf6 7. Be3 a6 8. a3 Be7 9. f4 d6 {B48: Sicilian: Taimanov: 5 Nc3 Qc7 6 Be3 a6 without Be2} 10. g4 Nd7 (10... Nxd4 $11 {keeps the balance.} 11. Qxd4 e5) (10... d5 11. e5 Nd7 12. g5 Bc5 13. Qd2 Nxd4 14. Bxd4 Bxd4 15. Qxd4 Qb6 16. O-O-O Qxd4 17. Rxd4 {0-1 (62) Bologan,V (2610)-Jakovenko,D (2735) Poikovsky 2018}) 11. g5 $16 h6 {[#]White is slightly better.} 12. h4 $146 ({Better is} 12. g6 $1 $16 {[%cal Rg6f7] aiming for gxf7+.} Nxd4 13. gxf7+ (13. Qxd4 Bh4+ 14. Bf2 Bxf2+ 15. Qxf2 O-O $14) 13... Kxf7 14. Bxd4 (14. Qxd4 Bf6 $14)) ({Predecessor:} 12. g6 Bh4+ 13. Kd2 Nxd4 14. gxf7+ Kxf7 15. Bxd4 Bf6 16. Kc1 Rf8 17. Rg1 {½-½ (58) Hirneise,T (2382)-Rotstein,A (2528) Gausdal 2008}) 12... hxg5 $11 13. fxg5 d5 (13... Nde5 $14) 14. exd5 $18 exd5 15. Nf5 ({But not} 15. Nxd5 $6 Qa5+ 16. Nc3 O-O $16) 15... d4 16. Nxd4 $2 (16. Bxd4 $18 {and the rest is easy. Nd5 is the strong threat.} Nxd4 17. Qxd4 (17. Nxg7+ Kf8 $14)) 16... Bd6 (16... Bc5 $16 {was called for.}) 17. Ne4 $36 {[%mdl 2048] And now Nxc6 would win. Black is under strong pressure.} Bf4 (17... Be5 $16 18. Qd3 O-O) 18. Qd2 Bxe3 $2 (18... Qe5 {was worth a try.}) 19. Qxe3 {Threatening mate with Nd6+!} O-O 20. O-O-O Re8 {[#]} (20... Ne7 $142 21. Nf6+ {[%mdl 64] Discovered Attack} Nxf6) 21. g6 $1 {[%mdl 512] Black must now prevent gxf7+.} Nde5 (21... fxg6 22. Bc4+) 22. gxf7+ Kxf7 23. Bh5+ {[%mdl 64] Skewer} g6 24. Qf4+ Kg7 25. Qf6+ Kh6 26. Rhg1 Ne7 27. Nd6 Rg8 28. Qxe5 {Accuracy: White = 45%, Black = 16%.} 1-0

[Event "18th Charleroi Open-A 2019"]
[Site "Charleroi"]
[Date "2019.07.28"]
[Round "2.1"]
[White "Gurevich, Mikhail"]
[Black "Manafov, Vugar"]
[Result "1-0"]
[WhiteElo "2587"]
[BlackElo "2175"]
[Annotator "ChessBase"]
[PlyCount "71"]
[EventDate "2019.07.22"]
[EventType "swiss"]
[EventCountry "BEL"]
[SourceTitle "playchess.com"]
[Source "ChessBase"]
[SourceQuality "1"]
[TimeControl "40/5400+30:1800+30"]

1. c4 {[%emt 0:00:00]} Nf6 {[%emt 0:02:00]} 2. Nf3 {[%emt 0:00:41]} e6 {[%emt 0:00:06]} 3. g3 {[%emt 0:00:07]} d5 {[%emt 0:00:11]} 4. Bg2 {[%emt 0:00:05]} Nbd7 {[%emt 0:00:15]} 5. b3 {[%emt 0:01:08]} Be7 {[%emt 0:00:25]} 6. O-O {[%emt 0:00:35]} O-O {[%emt 0:00:31]} 7. Bb2 {[%emt 0:00:24]} a5 {[%emt 0:01:34]} 8. d4 {[%emt 0:05:32]} a4 {[%emt 0:03:26]} 9. c5 {[%emt 0:00:05]} Ne4 {[%emt 0:02:40]} 10. b4 {[%emt 0:01:13]} c6 {[%emt 0:00:54]} 11. a3 {[%emt 0:01:43]} b6 {[%emt 0:03:09]} 12. Nc3 {[%emt 0:08:09]} bxc5 {[%emt 0:04:33]} 13. dxc5 {[%emt 0:02:43]} Nxc3 {[%emt 0:01:31]} 14. Bxc3 {[%emt 0:00:05]} Bf6 {[%emt 0:00:32]} 15. Nd4 {[%emt 0:06:01]} Bxd4 {[%emt 0:01:32]} 16. Qxd4 {[%emt 0:03:53]} e5 {[%emt 0:00:48]} 17. Qd2 {[%emt 0:00:10]} Ba6 {[%emt 0:01:33]} 18. f4 {[%emt 0:13:46]} Qe7 {[%emt 0:02:38]} 19. fxe5 {[%emt 0:10:59]} Nxe5 {[%emt 0:00:53]} 20. Qd4 {[%emt 0:00:07]} Rae8 {[%emt 0:02:53]} 21. Rf5 {[%emt 0:08:02]} f6 {[%emt 0:00:15]} 22. e4 {[%emt 0:00:04]} dxe4 {[%emt 0:03:55]} 23. Bxe4 {[%emt 0:00:06]} Kh8 {[%emt 0:05:44]} 24. Re1 {[%emt 0:05:12]} Qf7 {[%emt 0:02:18]} 25. Qd2 {[%emt 0:10:05]} Nd3 {[%emt 0:07:21]} 26. Re3 {[%emt 0:02:02]} Rxe4 {[%emt 0:00:25]} 27. Rxe4 {[%emt 0:00:12]} Qg6 {[%emt 0:00:04]} 28. g4 {[%emt 0:00:06]} Bc8 {[%emt 0:00:05]} 29. Kh1 {[%emt 0:03:03]} Rd8 {[%emt 0:02:36]} 30. Rff4 {[%emt 0:01:47]} Rd5 {[%emt 0:01:20]} 31. Qe2 {[%emt 0:07:47]} h6 {[%emt 0:01:03]} 32. Rf1 {[%emt 0:04:14]} Ba6 {[%emt 0:01:01]} 33. Re8+ {[%emt 0:00:30]} Kh7 {[%emt 0:00:02]} 34. Qe6 {[%emt 0:00:19]} h5 {[%emt 0:02:54]} 35. Qg8+ {[%emt 0:00:47]} Kh6 {[%emt 0:00:01]} 36. Bd2+ {[%emt 0:06:18] Rd7} 1-0

[Event "18th Charleroi Open-A 2019"]
[Site "Charleroi"]
[Date "2019.07.28"]
[Round "2.2"]
[White "Verheyen, Olivier"]
[Black "Miezis, Normunds"]
[Result "1/2-1/2"]
[WhiteElo "2200"]
[BlackElo "2495"]
[Annotator "ChessBase"]
[PlyCount "91"]
[EventDate "2019.07.22"]
[EventType "swiss"]
[EventCountry "BEL"]
[SourceTitle "playchess.com"]
[Source "ChessBase"]
[SourceQuality "1"]
[TimeControl "40/5400+30:1800+30"]

1. e4 {[%emt 0:00:00]} c5 {[%emt 0:00:06]} 2. Nf3 {[%emt 0:00:00]} e6 {[%emt 0:00:12]} 3. d4 {[%emt 0:00:00]} cxd4 {[%emt 0:00:10]} 4. Nxd4 {[%emt 0:00:00]} a6 {[%emt 0:00:12]} 5. c4 {[%emt 0:00:41]} Nf6 {[%emt 0:01:17]} 6. Nc3 {[%emt 0:00:31]} Bb4 {[%emt 0:00:19]} 7. Qd3 {[%emt 0:01:00]} O-O {[%emt 0:00:34]} 8. e5 {[%emt 0:01:18]} Ne8 {[%emt 0:00:18]} 9. Bf4 {[%emt 0:01:08]} d6 {[%emt 0:01:19]} 10. Nc2 {[%emt 0:00:50]} Bxc3+ {[%emt 0:01:00]} 11. Qxc3 {[%emt 0:00:09]} dxe5 {[%emt 0:00:39]} 12. Bxe5 {[%emt 0:00:31]} Nc6 {[%emt 0:01:16]} 13. Rd1 {[%emt 0:00:17]} Qe7 {[%emt 0:00:55]} 14. Be2 {[%emt 0:00:44]} f6 {[%emt 0:01:58]} 15. Bg3 {[%emt 0:04:52]} f5 {[%emt 0:01:20]} 16. Be5 {[%emt 0:03:23]} f4 {[%emt 0:01:07]} 17. Bf3 {[%emt 0:08:16]} Qg5 {[%emt 0:02:17]} 18. Bxc6 {[%emt 0:03:43]} bxc6 {[%emt 0:00:18]} 19. g3 {[%emt 0:03:01]} fxg3 {[%emt 0:10:38]} 20. hxg3 {[%emt 0:03:17]} c5 {[%emt 0:01:18]} 21. f4 {[%emt 0:07:28]} Qf5 {[%emt 0:07:39]} 22. Qd3 {[%emt 0:06:21]} Bb7 {[%emt 0:00:45]} 23. Qxf5 {[%emt 0:00:17]} exf5 {[%emt 0:01:14]} 24. O-O {[%emt 0:02:39]} Be4 {[%emt 0:01:23]} 25. Ne3 {[%emt 0:01:50]} a5 {[%emt 0:02:19]} 26. Nd5 {[%emt 0:06:16]} Ra6 {[%emt 0:01:26]} 27. Nc3 {[%emt 0:02:09]} Bc6 {[%emt 0:07:58]} 28. Rd8 {[%emt 0:02:39]} Nf6 {[%emt 0:02:13]} 29. Bxf6 {[%emt 0:13:53]} gxf6 {[%emt 0:00:35]} 30. Rfd1 {[%emt 0:00:28]} Rxd8 {[%emt 0:02:18]} 31. Rxd8+ {[%emt 0:00:03]} Kf7 {[%emt 0:00:12]} 32. Nd5 {[%emt 0:04:42]} Bxd5 {[%emt 0:00:23]} 33. Rxd5 {[%emt 0:00:26]} Rb6 {[%emt 0:00:16]} 34. Rxc5 {[%emt 0:01:30]} Rxb2 {[%emt 0:00:16]} 35. Rxa5 {[%emt 0:00:12]} Kg6 {[%emt 0:00:13]} 36. a4 {[%emt 0:07:29]} Rc2 {[%emt 0:06:13]} 37. Rc5 {[%emt 0:02:13]} Kh5 {[%emt 0:01:22]} 38. Rxf5+ {[%emt 0:07:01]} Kg4 {[%emt 0:00:21]} 39. Rxf6 {[%emt 0:00:30]} Kxg3 {[%emt 0:03:19]} 40. Kf1 {[%emt 0:00:06]} Rxc4 {[%emt 0:03:00]} 41. Rh6 {[%emt 0:32:10]} Rxf4+ {[%emt 0:33:46]} 42. Ke2 {[%emt 0:00:11]} Re4+ {[%emt 0:02:59]} 43. Kd3 {[%emt 0:00:20]} Rxa4 {[%emt 0:01:38]} 44. Rxh7 {[%emt 0:00:07]} Rh4 {[%emt 0:00:08]} 45. Rxh4 {[%emt 0:00:07]} Kxh4 {[%emt 0:00:22]} 46. Ke4 1/2-1/2

[Event "18th Charleroi Open-A 2019"]
[Site "Charleroi"]
[Date "2019.07.28"]
[Round "2.3"]
[White "Mirzoev, Azer"]
[Black "Lacroix, Bruno"]
[Result "1-0"]
[WhiteElo "2474"]
[BlackElo "2152"]
[Annotator "ChessBase"]
[PlyCount "81"]
[EventDate "2019.07.22"]
[EventType "swiss"]
[EventCountry "BEL"]
[SourceTitle "playchess.com"]
[Source "ChessBase"]
[SourceQuality "1"]
[TimeControl "40/5400+30:1800+30"]

1. d4 {[%emt 0:00:09]} Nf6 {[%emt 0:00:00]} 2. c4 {[%emt 0:00:05]} g6 {[%emt 0:00:00]} 3. Nc3 {[%emt 0:00:05]} Bg7 {[%emt 0:00:00]} 4. e4 {[%emt 0:00:04]} d6 {[%emt 0:00:00]} 5. f3 {[%emt 0:00:04]} O-O {[%emt 0:00:00]} 6. Be3 {[%emt 0:00:12]} Nc6 {[%emt 0:00:23]} 7. Nge2 {[%emt 0:00:16]} a6 {[%emt 0:00:48]} 8. Qd2 {[%emt 0:00:10]} Re8 {[%emt 0:00:53]} 9. Rd1 {[%emt 0:03:43]} Bd7 {[%emt 0:16:29]} 10. Nc1 {[%emt 0:04:11]} e5 {[%emt 0:14:06]} 11. d5 {[%emt 0:00:05]} Nd4 {[%emt 0:00:51]} 12. Nb3 {[%emt 0:00:06]} Nxb3 {[%emt 0:00:16]} 13. axb3 {[%emt 0:00:07]} Nh5 {[%emt 0:00:57]} 14. c5 {[%emt 0:01:43]} f5 {[%emt 0:06:28]} 15. Bc4 {[%emt 0:03:07]} Kh8 {[%emt 0:05:33]} 16. b4 {[%emt 0:01:56]} Rf8 {[%emt 0:08:51]} 17. O-O {[%emt 0:17:26]} f4 {[%emt 0:00:32]} 18. Bf2 {[%emt 0:00:04]} Bf6 {[%emt 0:01:12]} 19. Ra1 {[%emt 0:01:47]} Bh4 {[%emt 0:01:26]} 20. b5 {[%emt 0:02:50]} axb5 {[%emt 0:12:03]} 21. Nxb5 {[%emt 0:03:41]} Bxf2+ {[%emt 0:02:12]} 22. Qxf2 {[%emt 0:00:05]} Bxb5 {[%emt 0:01:15]} 23. Bxb5 {[%emt 0:00:06]} Qe7 {[%emt 0:05:12]} 24. b4 {[%emt 0:00:07]} Nf6 {[%emt 0:01:26]} 25. Rfc1 {[%emt 0:01:44]} Rfc8 {[%emt 0:01:17]} 26. Be2 {[%emt 0:03:47]} Nd7 {[%emt 0:01:31]} 27. Bb5 {[%emt 0:01:00]} Nf6 {[%emt 0:01:30]} 28. Ra5 {[%emt 0:00:53]} Rxa5 {[%emt 0:02:23]} 29. bxa5 {[%emt 0:01:09]} Ra8 {[%emt 0:06:25]} 30. cxd6 {[%emt 0:01:24]} Qxd6 {[%emt 0:00:30]} 31. Qe1 {[%emt 0:04:02]} Kg7 {[%emt 0:02:12]} 32. Qc3 {[%emt 0:02:19]} Rc8 {[%emt 0:00:25]} 33. h3 {[%emt 0:07:12]} Kf8 {[%emt 0:00:25]} 34. Kh2 {[%emt 0:00:21]} Ke7 {[%emt 0:00:59]} 35. Qb3 {[%emt 0:01:48]} Ra8 {[%emt 0:03:04]} 36. Qa4 {[%emt 0:03:05]} Kd8 {[%emt 0:01:17]} 37. a6 {[%emt 0:01:32]} bxa6 {[%emt 0:00:19]} 38. Rc6 {[%emt 0:00:36]} Qe7 {[%emt 0:00:04]} 39. Re6 {[%emt 0:01:11]} Qc5 {[%emt 0:00:31]} 40. Rxf6 {[%emt 0:02:16]} Qe7 {[%emt 0:06:15]} 41. Rc6 {[%emt 1:04:02]} 1-0

[Event "18th Charleroi Open-A 2019"]
[Site "Charleroi"]
[Date "2019.07.28"]
[Round "2.4"]
[White "Goormachtigh, Johan"]
[Black "Gutenev, Alexander"]
[Result "0-1"]
[WhiteElo "2164"]
[BlackElo "2470"]
[Annotator "ChessBase"]
[PlyCount "54"]
[EventDate "2019.07.22"]
[EventType "swiss"]
[EventCountry "BEL"]
[SourceTitle "playchess.com"]
[Source "ChessBase"]
[SourceQuality "1"]
[TimeControl "40/5400+30:1800+30"]

1. d4 {[%emt 0:00:00]} Nf6 {[%emt 0:12:55]} 2. Nf3 {[%emt 0:00:47]} g6 {[%emt 0:00:06]} 3. c4 {[%emt 0:00:40]} Bg7 {[%emt 0:00:06]} 4. Nc3 {[%emt 0:00:07]} d5 {[%emt 0:00:08]} 5. cxd5 {[%emt 0:02:08]} Nxd5 {[%emt 0:00:41]} 6. e4 {[%emt 0:00:08]} Nxc3 {[%emt 0:00:05]} 7. bxc3 {[%emt 0:00:03]} c5 {[%emt 0:00:08]} 8. Be3 {[%emt 0:01:35]} Qa5 {[%emt 0:01:28]} 9. Qd2 {[%emt 0:00:44]} O-O {[%emt 0:01:15]} 10. Rb1 {[%emt 0:01:46]} a6 {[%emt 0:04:29]} 11. Rc1 {[%emt 0:02:00]} Bg4 {[%emt 0:04:45]} 12. Be2 {[%emt 0:09:39]} Nd7 {[%emt 0:00:42]} 13. h3 {[%emt 0:14:46]} Bxf3 {[%emt 0:01:32]} 14. Bxf3 {[%emt 0:00:06]} Rfd8 {[%emt 0:11:39]} 15. d5 {[%emt 0:07:34]} c4 {[%emt 0:00:18]} 16. O-O {[%emt 0:10:05]} Ne5 {[%emt 0:02:42]} 17. Be2 {[%emt 0:02:21]} e6 {[%emt 0:00:09]} 18. Qb2 {[%emt 0:01:26]} Qb5 {[%emt 0:02:47]} 19. Qxb5 {[%emt 0:13:58]} axb5 {[%emt 0:00:05]} 20. dxe6 {[%emt 0:01:07]} Rxa2 {[%emt 0:02:02]} 21. exf7+ {[%emt 0:01:11]} Kxf7 {[%emt 0:00:15]} 22. Rfe1 {[%emt 0:05:20]} Nd3 {[%emt 0:01:06]} 23. Bxd3 {[%emt 0:00:05]} Rxd3 {[%emt 0:00:14]} 24. Red1 {[%emt 0:02:34]} Rxd1+ {[%emt 0:02:36]} 25. Rxd1 {[%emt 0:00:25]} Bxc3 {[%emt 0:00:10]} 26. Rd7+ {[%emt 0:01:30]} Ke8 {[%emt 0:02:32]} 27. Rxb7 {[%emt 0:00:36]} b4 {[%emt 0:00:05]} 0-1

[Event "18th Charleroi Open-A 2019"]
[Site "Charleroi"]
[Date "2019.07.28"]
[Round "2.5"]
[White "Lugovskoy, Maxim"]
[Black "De Villers, Mourad"]
[Result "1-0"]
[WhiteElo "2425"]
[BlackElo "2140"]
[Annotator "NA"]
[PlyCount "101"]
[EventDate "2019.07.22"]
[EventType "swiss"]
[EventCountry "BEL"]
[SourceTitle "playchess.com"]
[Source "ChessBase"]
[SourceQuality "1"]
[TimeControl "40/5400+30:1800+30"]

1. e4 {[%emt 0:15:45]} c5 {[%emt 0:00:00]} 2. Nf3 {[%emt 0:00:14]} g6 {[%emt 0:00:56]} 3. c3 {[%emt 0:02:11]} d5 {[%emt 0:03:36]} 4. exd5 {[%emt 0:00:36]} Qxd5 {[%emt 0:00:58]} 5. d4 {[%emt 0:00:04]} Bg7 {[%emt 0:01:06]} 6. Be2 {[%emt 0:00:08]} cxd4 {[%emt 0:01:03]} 7. cxd4 {[%emt 0:00:03]} Nf6 {[%emt 0:02:52]} 8. Nc3 {[%emt 0:00:05]} Qa5 {[%emt 0:01:02]} 9. Ne5 {[%emt 0:07:08]} O-O {[%emt 0:01:23]} 10. O-O {[%emt 0:01:02]} Nc6 {[%emt 0:13:03]} 11. Nc4 {[%emt 0:03:22]} Qc7 {[%emt 0:07:06]} 12. Be3 {[%emt 0:06:00]} Rd8 {[%emt 0:02:29]} 13. Nb5 {[%emt 0:05:19]} Qb8 {[%emt 0:03:10]} 14. Qc1 {[%emt 0:03:31]} Nd5 {[%emt 0:01:22]} 15. Bf3 {[%emt 0:00:26]} Be6 {[%emt 0:57:24]} 16. Rd1 {[%emt 0:06:24]} Nxe3 {[%emt 0:00:00]} 17. fxe3 {[%emt 0:01:24]} Bd5 {[%emt 0:00:00]} 18. Bxd5 {[%emt 0:01:19]} Rxd5 {[%emt 0:00:00]} 19. Nc3 {[%emt 0:00:02]} Rd7 {[%emt 0:00:00]} 20. Qc2 {[%emt 0:00:59]} Qd8 {[%emt 0:00:00]} 21. Qb3 {[%emt 0:02:03]} Na5 {[%emt 0:00:00]} 22. Nxa5 {[%emt 0:00:04]} Qxa5 {[%emt 0:00:00]} 23. Rac1 {[%emt 0:06:55]} Rad8 {[%emt 0:00:00]} 24. Ne4 {[%emt 0:01:32]} b6 {[%emt 0:00:00]} 25. Rf1 {[%emt 0:01:32]} Qd5 {[%emt 0:00:00]} 26. Qxd5 {[%emt 0:00:09]} Rxd5 {[%emt 0:00:00]} 27. Rc7 {[%emt 0:00:01]} R5d7 {[%emt 0:00:00]} 28. Rfc1 {[%emt 0:00:03]} h6 {[%emt 0:00:00]} 29. b4 {[%emt 0:08:38]} e5 {[%emt 0:00:00]} 30. Rxd7 {[%emt 0:05:29]} Rxd7 {[%emt 0:00:00]} 31. Rc8+ {[%emt 0:00:17]} Kh7 {[%emt 0:00:00]} 32. dxe5 {[%emt 0:01:55]} Bxe5 {[%emt 0:00:00]} 33. g3 {[%emt 0:02:25]} f5 {[%emt 0:00:32]} 34. Nf2 {[%emt 0:00:02]} Kg7 {[%emt 0:02:35]} 35. Kf1 {[%emt 0:00:05]} Rd2 {[%emt 0:01:48]} 36. a4 {[%emt 0:00:02]} Bd6 {[%emt 0:01:01]} 37. Rc4 {[%emt 0:04:17]} Rb2 {[%emt 0:01:08]} 38. b5 {[%emt 0:04:29]} Ra2 {[%emt 0:02:13]} 39. e4 {[%emt 0:04:27]} Bc5 {[%emt 0:01:49]} 40. Nd3 {[%emt 0:00:04]} Be3 {[%emt 0:00:22]} 41. Rc7+ {[%emt 0:35:21]} Kf6 {[%emt 0:01:21]} 42. e5+ {[%emt 0:00:00]} Ke6 {[%emt 0:03:43]} 43. Rc6+ {[%emt 0:00:00]} Kf7 {[%emt 0:00:39]} 44. Nb4 {[%emt 0:00:00]} Rf2+ {[%emt 0:01:15]} 45. Ke1 {[%emt 0:00:00]} Rxh2 {[%emt 0:00:28]} 46. e6+ {[%emt 0:00:00]} Kf8 {[%emt 0:03:20]} 47. Nd5 {[%emt 0:00:00]} Bg5 {[%emt 0:01:37]} 48. Rc8+ {[%emt 0:00:00]} Kg7 {[%emt 0:00:52]} 49. Rc7+ {[%emt 0:00:00]} Kf8 {[%emt 0:00:42]} 50. Rf7+ {[%emt 0:00:00]} Ke8 {[%emt 0:00:59]} 51. Rxa7 {[%emt 0:00:00]} 1-0